000 03753cam a2200313 4500500
005 20260322011046.0
041 _afre
042 _adc
100 1 0 _aCarles, Isabelle
_eauthor
700 1 0 _aGrevesse, Magdalena
_eauthor
700 1 0 _aHenneton, Victor
_eauthor
245 0 0 _aLes freins à l’insertion socioprofessionnelle dans les territoires délaissés : une analyse ethnographique en milieux post-industriels urbain et rural
260 _c2025.
500 _a23
520 _aPlusieurs communes urbaines et rurales wallonnes ont connu une forte désindustrialisation, réduisant les possibilités d’emploi d’une population peu qualifiée et résultant en un taux de chômage élevé. Cette population fragilisée cumule en outre des difficultés en matière d’accès à l’éducation, au logement, aux services sociaux et aux soins de santé, dans des communes où la mobilité est souvent problématique. Dans ce contexte, les opérateurs de formation et le tissu associatif du territoire optent pour une approche partenariale et développent des solutions innovantes pour lutter contre les freins à l’insertion socioprofessionnelle et favoriser l’accès aux futurs emplois créés. C’est notamment le cas dans la Métropole de Charleroi. L’objectif du présent article est d’analyser les différents freins rencontrés par les publics en insertion professionnelle dans ces communes caractérisées ou qualifiées de « délaissées », ainsi que les initiatives développées par les associations à l’échelle locale pour y faire face. Les résultats présentés sont tirés d’une enquête menée au niveau local auprès d’une centaine de personnes dont des parties prenantes (acteurs de terrain et représentants politiques locaux) et des habitants d’une commune urbaine (Marchienne-au-Pont) et d’une commune rurale (Couvin), situées en Région wallonne et toutes deux fortement marquées par le déclin industriel.
520 _aSeveral Walloon urban and rural areas are experiencing a high unemployment rate, due to strong deindustrialization reducing employment opportunities for the lowskilled population. This vulnerable population often faces difficulties in accessing education, housing, social services and health care in areas where mobility is often problematic. In this context, training operators and the region’s non-profit associative network are opting for a partnership approach and developing innovative solutions to combat the obstacles to socio-professional integration and promote access to future jobs created notably in the metropolitan area of Charleroi. The objective of the article is to analyse the various obstacles encountered by people seeking professional integration in neglected areas and the initiatives developed by associations at the local level to deal with them. The results presented are taken from a survey carried out at the local level among around a hundred people, including stakeholders (field actors and local political representatives) and inhabitants of an urban territory (Marchienne-au-Pont) and a rural area (Couvin), both strongly marked by industrial decline.
690 _acommunes rurales et urbaines
690 _adéclin industriel
690 _ainégalités territoriales
690 _ainsertion socioprofessionnelle
690 _aTerritoires délaissés
690 _aindustrial decline
690 _aLeft-behind places
690 _arural and urban areas
690 _asocio-professional inclusion
690 _aterritorial inequalities
786 0 _nDynamiques régionales | 17 | 1 | 2025-12-13 | p. 14-32
856 4 1 _uhttps://shs.cairn.info/revue-dynamiques-regionales-2025-1-page-14?lang=fr&redirect-ssocas=7080
999 _c1761785
_d1761785